[Event "chess.com Speed 2021"]
[Site "chess.com INT"]
[Date "2021.12.17"]
[Round "3.29"]
[White "Ding Liren"]
[Black "Nakamura,Hi"]
[Result "1/2-1/2"]
[WhiteElo "2799"]
[BlackElo "2736"]

1.d4 Nf6 2.c4 b6 3.Nc3 Bb7 4.Nf3 e6 5.a3 g6 6.Qc2 Bg7 7.e4 d6 8.Be2 O-O 9.O-O Nbd7
10.Re1 e5 11.d5 Nh5 12.b4 Qe7 13.Bf1 c6 14.dxc6 Bxc6 15.Bg5 Nhf6 16.Rad1 h6
17.Be3 Kh7 18.h3 Rfd8 19.Nd2 Rac8 20.Qb1 Nf8 21.Nd5 Qe8 22.b5 Bb7 23.a4 N6d7
24.a5 bxa5 25.Nb3 Ne6 26.Nxa5 Ba8 27.Bxa7 Ndc5 28.Nb4 Nd4 29.Bxc5 Rxc5 30.Nb3 Rcc8
31.Nxd4 exd4 32.Nc2 d3 33.Bxd3 Qe5 34.Ne3 Qc5 35.Bf1 Re8 36.Nd5 Bd4 37.Qa2 Bxd5
38.exd5 Qb6 39.g3 Bc5 40.Kg2 Ra8 41.Qb2 Qd8 42.h4 h5 43.Bd3 Kg8 44.Rb1 Rxe1
45.Rxe1 Ra7 46.Re4 Qa8 47.Qf6 Qf8 48.g4 hxg4 49.Rxg4 Ra2 50.Rf4 Ra8 51.h5 Qg7
52.Qxg7+ Kxg7 53.hxg6 fxg6 54.Rg4 Ra2 55.Rxg6+ Kf7 56.Re6 Rxf2+ 57.Kg3 Rd2
58.Bg6+ Kg7 59.Be8 Rd4 60.Bc6 Rxc4 61.Re7+ Kf6 62.Re6+ Kf5 63.Bd7 Kg5 64.Kf3 Rc2
65.Re2 Rc3+ 66.Ke4 Rc4+ 67.Kf3 Rf4+ 68.Kg3 Rd4 69.Be6 Rd3+  1/2-1/2

[Event "chess.com Speed 2021"]
[Site "chess.com INT"]
[Date "2021.12.17"]
[Round "3.41"]
[White "Ding Liren"]
[Black "Nakamura,Hi"]
[Result "0-1"]
[WhiteElo "2799"]
[BlackElo "2736"]

1.c4 Nf6 2.g3 e5 3.Bg2 d5 4.cxd5 Nxd5 5.Nf3 Nc6 6.O-O Nb6 7.b3 Be6 8.Bb2 f6
9.Nc3 Bb4 10.Qc2 Qd7 11.Ne4 O-O 12.d4 exd4 13.Rfd1 d3 14.Rxd3 Qf7 15.Rad1 Be7
16.Nd4 Nb4 17.Qxc7 Nxd3 18.Rxd3 Rfc8 19.Qxb7 Bd5 20.Qa6 f5 21.Nd2 Bxg2 22.Kxg2 Bf6
23.N2f3 Nd5 24.Ba3 Bxd4 25.Rxd4 Nb6 26.Qd3 Re8 27.Bc5 Rac8 28.Bd6 Rcd8 29.a4 Re4
30.Bc5 Rexd4 31.Bxd4 h6 32.a5 Nd5 33.Qa6 Nb4 34.Qb5 Nd5 35.a6 Qd7 36.Qd3 Qe6
37.Qc4 Rc8 38.Qb5 Qc6 39.Qd3 Qe6 40.Bxa7 Ra8 41.Nd4 Qe4+ 42.Qxe4 fxe4 43.Nc6 Nc7
44.b4 Nxa6 45.b5 Nb4 46.Nxb4 Rxa7 47.b6 Ra5 48.Nc6 Rb5  0-1

[Event "chess.com Speed 2021"]
[Site "chess.com INT"]
[Date "2021.12.17"]
[Round "3.27"]
[White "Ding Liren"]
[Black "Nakamura,Hi"]
[Result "1-0"]
[WhiteElo "2799"]
[BlackElo "2736"]

1.d4 Nf6 2.c4 e6 3.Nf3 d5 4.Nc3 Be7 5.Bf4 O-O 6.e3 Nbd7 7.c5 c6 8.h3 b6 9.b4 a5
10.a3 h6 11.Bd3 Ba6 12.O-O Qc8 13.Qe2 Bxd3 14.Qxd3 Qb7 15.Rfc1 Ra7 16.Qd1 Rfa8
17.b5 bxc5 18.dxc5 cxb5 19.c6 Qxc6 20.Nd4 Qb6 21.Ncxb5 Ra6 22.Nc7 e5 23.Rab1 Qa7
24.Ndb5 Qb7  1-0

[Event "chess.com Speed 2021"]
[Site "chess.com INT"]
[Date "2021.12.17"]
[Round "3.26"]
[White "Nakamura,Hi"]
[Black "Ding Liren"]
[Result "0-1"]
[WhiteElo "2736"]
[BlackElo "2799"]

1.Nf3 d5 2.e3 Nf6 3.c4 e6 4.d4 b6 5.Nc3 Bd6 6.cxd5 exd5 7.Qc2 a6 8.g3 O-O
9.Bg2 Bb7 10.O-O Nbd7 11.a3 Qe7 12.b4 Ne4 13.Bb2 Nxc3 14.Bxc3 Nf6 15.Rac1 Ne4
16.Bb2 h5 17.Nd2 h4 18.Nf3 hxg3 19.hxg3 f5 20.Ne5 Rf6 21.Bf3 Ng5 22.Bg2 Ne4
23.Bf3 Rh6 24.Kg2 Ng5 25.Qb3 Qe6 26.Nd3 f4  0-1

[Event "chess.com Speed 2021"]
[Site "chess.com INT"]
[Date "2021.12.17"]
[Round "3.25"]
[White "Ding Liren"]
[Black "Nakamura,Hi"]
[Result "1/2-1/2"]
[WhiteElo "2799"]
[BlackElo "2736"]

1.d4 Nf6 2.c4 e6 3.Nf3 d5 4.Nc3 Be7 5.Bf4 O-O 6.e3 Nbd7 7.c5 c6 8.h3 b6 9.b4 a5
10.a3 h6 11.Bd3 Ba6 12.O-O Qc8 13.Qe2 Bxd3 14.Qxd3 Qb7 15.Rfc1 Ra7 16.Qd1 Rfa8
17.b5 bxc5 18.dxc5 cxb5 19.Nd4 Bxc5 20.Ncxb5 Bxd4 21.Nxd4 Rc8 22.Rab1 Qa8
23.Rxc8+ Qxc8 24.Rc1 Qf8 25.Nb5 Ra6 26.Rc7 e5 27.Bg3 a4 28.Qc2 Ra8 29.Bh4 g5
30.Bg3 Qe7 31.Qc6 Rb8 32.Nc3 Qe6 33.Nxd5 Qxc6 34.Ne7+ Kg7 35.Nxc6 Rb1+ 36.Kh2 Rc1
37.f3 Nb8 38.Nxb8 Rxc7 39.Bxe5 Re7 40.Bd4 Kg6 41.Nc6 Re6 42.Ne5+ Kh7 43.Nd3 Nd7
44.Nb2 Ra6 45.g4 Kg6 46.Kg3 f6 47.h4 Nb8 48.h5+ Kf7 49.Nd3 Nc6 50.Nc5 Ra5
51.Kf2 Nxd4 52.exd4 Rb5 53.Ke3 Rb1 54.Nxa4 Rb3+ 55.Ke4 Rxa3 56.Nc5 Ra1 57.Nb7 Re1+
58.Kd5 Re3 59.Nd6+ Kf8 60.Nf5 Rxf3 61.Ke6 Rf4 62.Nxh6 f5 63.Nxf5 Rxg4 64.d5 Rg1
65.d6 Re1+ 66.Kf6 g4 67.h6 Kg8 68.d7 Rd1 69.Ke7 Kh7 70.Nd6 g3 71.d8=Q g2
72.Qf8 g1=Q 73.Qg7+ Qxg7+ 74.hxg7 Kxg7 75.Ke6 Kg6 76.Ke5 Re1+ 77.Kd5 Rd1+
78.Ke5 Rxd6 79.Kxd6  1/2-1/2

[Event "chess.com Speed 2021"]
[Site "chess.com INT"]
[Date "2021.12.17"]
[Round "3.24"]
[White "Nakamura,Hi"]
[Black "Ding Liren"]
[Result "0-1"]
[WhiteElo "2736"]
[BlackElo "2799"]

1.Nf3 Nf6 2.g3 d5 3.Bg2 c5 4.b3 Nc6 5.Bb2 Qc7 6.d4 cxd4 7.Nxd4 e5 8.Nxc6 bxc6
9.O-O Be7 10.e3 O-O 11.Nd2 Bg4 12.Qc1 Rad8 13.Re1 Rfe8 14.Ba3 c5 15.e4 d4
16.c3 d3 17.f3 Be6 18.c4 h5 19.h4 Nh7 20.Qc3 g5 21.hxg5 Bxg5 22.Rad1 h4 23.Nf1 hxg3
24.Rxd3 Rxd3 25.Qxd3 Rd8 26.Qe2 Bf4 27.Rd1 Rd4 28.Bc1 Qe7 29.Bd2 Qh4 30.Be1 Ng5
31.Bc3 Nh3+ 32.Bxh3 Bxh3 33.Bxd4 cxd4  0-1

[Event "chess.com Speed 2021"]
[Site "chess.com INT"]
[Date "2021.12.17"]
[Round "3.23"]
[White "Ding Liren"]
[Black "Nakamura,Hi"]
[Result "1/2-1/2"]
[WhiteElo "2799"]
[BlackElo "2736"]

1.Nf3 d5 2.g3 Nf6 3.Bg2 e6 4.O-O Be7 5.d4 O-O 6.c4 dxc4 7.Qa4 a6 8.Qxc4 b5
9.Qc2 Bb7 10.Bd2 Be4 11.Qc1 c6 12.a4 b4 13.Bg5 Nbd7 14.Nbd2 Bd5 15.Ne5 Bxg2
16.Kxg2 c5 17.Nc6 Qe8 18.Nxe7+ Qxe7 19.Bxf6 Qxf6 20.dxc5 Rfc8 21.Nb3 Qf5
22.Qf4 Qxf4 23.gxf4 Nxc5 24.Nxc5 Rxc5 25.Rfc1 Rd5 26.Rc2 g6 27.Rac1 Kg7 28.b3 Rad8
29.Rc6 Rd2 30.R1c2 Rxc2 31.Rxc2 Rd1 32.Rc6 Rb1 33.Rxa6 Rxb3 34.Rb6 Rb1 35.a5 b3
36.a6 b2 37.a7 Ra1 38.Rxb2 Rxa7 39.e3 Ra5 40.Rb3 h5 41.h3 Rf5 42.Rb2 Ra5
43.Rb3 Rf5 44.Rb2 Ra5 45.Rb3  1/2-1/2

[Event "chess.com Speed 2021"]
[Site "chess.com INT"]
[Date "2021.12.17"]
[Round "3.22"]
[White "Nakamura,Hi"]
[Black "Ding Liren"]
[Result "1/2-1/2"]
[WhiteElo "2736"]
[BlackElo "2799"]

1.Nf3 d5 2.g3 Nf6 3.Bg2 c5 4.O-O e6 5.b3 Be7 6.Bb2 O-O 7.e3 Nc6 8.d4 b5 9.dxc5 Bxc5
10.Nbd2 Rb8 11.Ne5 Bb7 12.Nd3 Be7 13.e4 Qc7 14.a4 b4 15.exd5 Nxd5 16.Bxd5 exd5
17.Re1 Rfe8 18.Qg4 d4 19.Re2 Bf8 20.Rae1 Rxe2 21.Rxe2 Qc8 22.Qxc8 Rxc8 23.Nf3 Rd8
24.Bc1 f6 25.h4 Kf7 26.Bb2 a5 27.Rd2 Bc8 28.Nc1 Bc5 29.Ne2 Ne5 30.Nexd4 Nxf3+
31.Nxf3 Rxd2 32.Nxd2 Bf5 33.c3 Bc2 34.Kf1 h5 35.Ke2 Ke6 36.cxb4 Bxb4 37.Ke3 Kf5
38.Bd4 g5 39.f3 gxh4 40.gxh4 Bxd2+ 41.Kxd2 Bxb3 42.Bc3 Bxa4 43.Ke3 Bc6 44.Bxa5 Bb7
45.Bc3 Bc6 46.Bd4 Bb7 47.Bc3 Bc6 48.Bd4 Bb7 49.Bc3  1/2-1/2

[Event "chess.com Speed 2021"]
[Site "chess.com INT"]
[Date "2021.12.17"]
[Round "3.21"]
[White "Ding Liren"]
[Black "Nakamura,Hi"]
[Result "1/2-1/2"]
[WhiteElo "2799"]
[BlackElo "2736"]

1.d4 Nf6 2.c4 e6 3.Nf3 d5 4.g3 Be7 5.Bg2 O-O 6.b3 c5 7.O-O Nc6 8.cxd5 Nxd5
9.Bb2 cxd4 10.Nxd4 Bd7 11.Na3 Nxd4 12.Qxd4 Bf6 13.Qd2 Bc6 14.Nc4 Ne7 15.Rfd1 Qxd2
16.Rxd2 Bxb2 17.Nxb2 Rfd8 18.Rad1 Rxd2 19.Rxd2 Kf8 20.Nc4 Re8 21.f4 Bxg2
22.Kxg2 Nc6 23.Kf3 Ke7 24.e4 f6 25.Ke3 b5 26.Nb2 e5 27.Nd3 Rd8 28.Rc2 Kd6
29.Rc5 a6 30.Rd5+ Kc7 31.fxe5 fxe5 32.Nc5 Rxd5 33.exd5 Nb4 34.Ke4 Kd6 35.Nb7+ Kc7
36.Nc5 Kd6 37.Nb7+ Kc7 38.a3 Nc2 39.Nc5 Kd6 40.Nb7+ Kc7 41.Nc5 Kd6 42.Ne6 g6
43.Nd8 Nxa3 44.Nf7+ Ke7 45.Nxe5 Nc2 46.Nc6+ Kd6 47.b4 Na3 48.Nb8 Nb1 49.Nxa6 Nc3+
50.Kd4 Nxd5 51.Ke4 Nf6+ 52.Kd4 Ng4 53.h4 Nh6 54.Ke4 Nf5 55.Kf4 h6 56.h5 Ne7
57.hxg6 Nxg6+ 58.Kf5 Ne7+ 59.Kf6 Nd5+ 60.Kg6 Ne3 61.Nc5 Nf1 62.g4 Ne3 63.Kxh6 Nxg4+
64.Kg5 Ne5 65.Kf4 Nc6 66.Nd3 Ke7 67.Ke4 Nxb4 68.Nxb4 Kf8 69.Kd4 Kg8 70.Kc5 Kh7
71.Kxb5  1/2-1/2

[Event "chess.com Speed 2021"]
[Site "chess.com INT"]
[Date "2021.12.17"]
[Round "3.37"]
[White "Ding Liren"]
[Black "Nakamura,Hi"]
[Result "1/2-1/2"]
[WhiteElo "2799"]
[BlackElo "2736"]

1.d4 g6 2.c4 Bg7 3.Nc3 d6 4.Nf3 Nc6 5.e4 Bg4 6.Be3 e5 7.d5 Nce7 8.Be2 Bh6
9.Bxh6 Nxh6 10.Qd2 Nhg8 11.O-O-O Bxf3 12.Bxf3 Qd7 13.Kb1 f5 14.exf5 Nxf5
15.Ne4 O-O-O 16.Bg4 Kb8 17.c5 Qa4 18.Rhe1 Nge7 19.c6 bxc6 20.dxc6 Ka8 21.Bxf5 gxf5
22.Nc3 Qxc6 23.Rc1 Rb8 24.f4 Rhd8 25.fxe5 dxe5 26.Qg5 Qe6 27.Qe3 Ng6 28.Rc2 Qc6
29.Rec1 Qb7 30.Na4 Rbc8 31.Nc5 Qd5 32.Rc3 f4 33.Qe2 c6 34.Ra3 Rc7 35.Rd3 Qg8
36.Rxd8+ Qxd8 37.Rd1 Qe7 38.Qc4 Nf8 39.a4 Rc8 40.a5 Rd8 41.Rc1 Qd6 42.a6 Qd5
43.Nb7 Qxc4 44.Rxc4 Rc8 45.Nd6 Rc7 46.Nb5 Rc8 47.Nd6 Rd8 48.Rxc6 Kb8 49.b4 Ne6
50.Nf7 Rd1+ 51.Kb2 Nd4 52.Rc5 Rd2+ 53.Kc3 Rc2+ 54.Kd3 Rxc5 55.bxc5 Nc6 56.Ke4 Nb4
57.Nxe5 Nxa6 58.c6 Nb4 59.Kxf4 a5 60.g3 a4 61.Nc4 Nxc6 62.g4 Kc7 63.Ke4 Ne7
64.Kd4 Kc6 65.h4 Kb5 66.Kc3 Nd5+ 67.Kd4 Nf4 68.g5 Kb4 69.Ne3 Kb3 70.Nc4 Kb4
71.Ne3 Ne6+ 72.Kd3 Kb3 73.Nc4 Nf4+ 74.Kd4 Kb4  1/2-1/2

[Event "chess.com Speed 2021"]
[Site "chess.com INT"]
[Date "2021.12.17"]
[Round "3.36"]
[White "Nakamura,Hi"]
[Black "Ding Liren"]
[Result "0-1"]
[WhiteElo "2736"]
[BlackElo "2799"]

1.e4 e5 2.Nf3 Nc6 3.Bb5 a6 4.Ba4 Nf6 5.d3 b5 6.Bb3 Bc5 7.O-O O-O 8.a4 Rb8
9.Nc3 d6 10.Nd5 h6 11.Be3 Nxd5 12.exd5 Bxe3 13.fxe3 Ne7 14.axb5 axb5 15.e4 Ng6
16.Qd2 f5 17.exf5 Bxf5 18.Qe3 Bg4 19.Nd2 Qh4 20.Qg3 Qh5 21.h3 Bd7 22.Ne4 Nf4
23.Kh2 Bf5 24.Nd2 Rf6 25.Qf3 Qg5 26.Rf2 Rg6 27.g4 Bd7 28.Ne4 Qh4 29.Qg3 Rxg4
30.Qxh4 Rxh4 31.Rf3 Bxh3 32.Kg1 Rf8  0-1

[Event "chess.com Speed 2021"]
[Site "chess.com INT"]
[Date "2021.12.17"]
[Round "3.38"]
[White "Nakamura,Hi"]
[Black "Ding Liren"]
[Result "1-0"]
[WhiteElo "2736"]
[BlackElo "2799"]

1.e4 e5 2.Nf3 Nc6 3.Bc4 Nf6 4.d3 Bc5 5.c3 d6 6.h3 O-O 7.O-O a5 8.Re1 h6 9.Nbd2 Be6
10.Bb3 Bxb3 11.axb3 Re8 12.Nf1 d5 13.Qe2 Bf8 14.g4 Qd7 15.Ng3 Rad8 16.g5 hxg5
17.Bxg5 Re6 18.Kg2 Be7 19.Nf5 Nh7 20.Be3 Bf8 21.Kh2 g6 22.Rg1 dxe4 23.dxe4 Qd3
24.Qxd3 Rxd3 25.Ng3 Nf6 26.Kg2 Re8 27.Kf1 Rdd8 28.Ke2 b5 29.h4 Ng4 30.h5 Nxe3
31.Kxe3 Bh6+ 32.Ke2 Bf4 33.Nf5 Re6 34.N5h4 Kg7 35.hxg6 fxg6 36.Ng2 Bh6 37.Ngh4 Bf4
38.Ng2 Bh6 39.Rh1 b4 40.Rh3 Red6 41.Rah1 Bc1 42.Rxc1  1-0

[Event "chess.com Speed 2021"]
[Site "chess.com INT"]
[Date "2021.12.17"]
[Round "3.34"]
[White "Nakamura,Hi"]
[Black "Ding Liren"]
[Result "1-0"]
[WhiteElo "2736"]
[BlackElo "2799"]

1.e4 e5 2.Nc3 Nf6 3.Bc4 Bc5 4.d3 c6 5.Bb3 d5 6.Qe2 O-O 7.Nf3 Re8 8.h3 a5
9.a3 Bb6 10.g4 Bd4 11.Bg5 Nbd7 12.exd5 Bxc3+ 13.bxc3 cxd5 14.O-O Qc7 15.Qd2 a4
16.Ba2 Ra6 17.Rfe1 e4 18.Bf4 Qd8 19.dxe4 dxe4 20.Ng5 Rf8 21.Rad1 h6 22.Nxe4 Nxe4
23.Rxe4 Re8 24.Bc7 Qxc7 25.Rxe8+ Kh7 26.Qd3+ g6 27.Bxf7 Rf6 28.Rxc8 Qxc8
29.Qxd7 Qxd7 30.Rxd7 Kg7 31.Bd5+ Kf8 32.Rxb7 g5 33.c4 Rf4 34.c5 Rf6 35.c6 Rxc6
36.Bxc6 Kg8 37.c4 Kf8 38.c5 Kg8 39.Be4 Kf8 40.c6 Ke8 41.Rd7 Kf8 42.Bf5 Ke8
43.c7  1-0

[Event "chess.com Speed 2021"]
[Site "chess.com INT"]
[Date "2021.12.17"]
[Round "3.312"]
[White "Nakamura,Hi"]
[Black "Ding Liren"]
[Result "1/2-1/2"]
[WhiteElo "2736"]
[BlackElo "2799"]

1.e4 e5 2.Nf3 Nc6 3.Bb5 a6 4.Ba4 Nf6 5.O-O Be7 6.Re1 b5 7.Bb3 O-O 8.a4 b4
9.d4 d6 10.dxe5 Nxe5 11.Nbd2 Nfd7 12.Nd4 Bb7 13.Bd5 Bxd5 14.exd5 Re8 15.f4 Ng6
16.Nc6 Qc8 17.Nf3 Bf6 18.Nxb4 Qb7 19.c3 Qb6+ 20.Kh1 a5 21.Nc6 Rxe1+ 22.Nxe1 Re8
23.Nd3 Nc5 24.Nxc5 Qxc5 25.f5 Qf2 26.Be3 Rxe3 27.fxg6 hxg6 28.Qf1 Qh4 29.Qg1 Re2
30.Nxa5 Bg5 31.Nc6 Be3 32.Qf1 Rf2 33.Qg1 Re2 34.Qf1 Bf4 35.Qg1 Be3  1/2-1/2

[Event "chess.com Speed 2021"]
[Site "chess.com INT"]
[Date "2021.12.17"]
[Round "3.311"]
[White "Ding Liren"]
[Black "Nakamura,Hi"]
[Result "1-0"]
[WhiteElo "2799"]
[BlackElo "2736"]

1.d4 Nf6 2.c4 e6 3.Nf3 d5 4.Nc3 Be7 5.Bf4 O-O 6.e3 Nbd7 7.c5 c6 8.h3 b6 9.b4 a5
10.a3 h6 11.Bd3 Ba6 12.O-O Qc8 13.Re1 Qb7 14.Bc2 axb4 15.axb4 Bc4 16.Rb1 Ra3
17.Qd2 bxc5 18.bxc5 Qa7 19.e4 Bd8 20.e5 Ba5 21.exf6 Bxc3 22.Qc1 Nxf6 23.Bxh6 Ne8
24.Bd2 Nf6 25.Bh6 Ne8 26.Bxg7 Nxg7 27.Qh6 f5 28.Ng5 Rf7 29.Rb8+ Qxb8 30.Qh7+ Kf8
31.Qh8+ Ke7 32.Qxb8 Bxe1 33.Qc7+  1-0

[Event "chess.com Speed 2021"]
[Site "chess.com INT"]
[Date "2021.12.17"]
[Round "3.310"]
[White "Nakamura,Hi"]
[Black "Ding Liren"]
[Result "1/2-1/2"]
[WhiteElo "2736"]
[BlackElo "2799"]

1.e4 e5 2.Nf3 Nc6 3.Bc4 Nf6 4.d3 Bc5 5.O-O d6 6.c3 O-O 7.Nbd2 a5 8.Re1 Be6
9.Bb3 Bxb3 10.axb3 Re8 11.h3 d5 12.Qe2 Bf8 13.Nf1 Qd7 14.Ng3 h6 15.Nh2 Qe6
16.Qc2 d4 17.Nf3 Nd7 18.Nf5 Nc5 19.Ra3 Red8 20.Rd1 Ra6 21.cxd4 exd4 22.Bf4 Nb4
23.Qb1 Ncxd3 24.Rxd3 Qxe4 25.Bxc7 Nxd3 26.Bxd8 Qxf5 27.b4 Qd5 28.Rxd3 Qxd8
29.Rxd4 Qc7 30.bxa5 Rxa5 31.Rd1 Rc5 32.Qd3 Rc2 33.Rd2 Rc1+ 34.Rd1 Rc2 35.Rd2 Rc1+
36.Rd1 Qc2 37.Qxc2 Rxc2 38.Rd2 Rxd2 39.Nxd2 Bc5 40.Kf1 Kf8 41.Ke2 Ke7 42.f3 Ke6
43.Kd3 Kd5 44.b3 f5 45.Nc4 h5 46.g4 fxg4 47.fxg4 hxg4 48.hxg4 b5 49.Nd2 Ke5
50.Ne4 Bd4 51.Nd6 b4 52.Nf5 Bc3 53.Nxg7 Kf4 54.Ne6+ Kxg4 55.Nc7 Kf5 56.Nd5 Be1
57.Ke2 Bh4 58.Nxb4 Ke6 59.Kd3 Kd6 60.Kc4 Kc7 61.Nd3 Kb7 62.b4 Kb6 63.b5 Be7
64.Nb4 Bxb4 65.Kxb4 Kb7 66.Kc5 Kc7 67.b6+ Kb7 68.Kb5 Kb8 69.Kc6 Kc8 70.b7+ Kb8
71.Kb6  1/2-1/2

[Event "chess.com Speed 2021"]
[Site "chess.com INT"]
[Date "2021.12.17"]
[Round "3.210"]
[White "Nakamura,Hi"]
[Black "Ding Liren"]
[Result "1/2-1/2"]
[WhiteElo "2736"]
[BlackElo "2799"]

1.e4 e5 2.Nf3 Nc6 3.Bb5 Nf6 4.d3 Bc5 5.c3 O-O 6.O-O d5 7.Nbd2 dxe4 8.dxe4 Qe7
9.b4 Bd6 10.Bb2 a5 11.a3 Be6 12.Qc2 h6 13.Rac1 Rfd8 14.Rfd1 axb4 15.cxb4 Bd7
16.Bf1 Nd4 17.Bxd4 Ba4 18.Nb3 exd4 19.e5 Bxe5 20.Re1 Nd7 21.Bc4 Qf6 22.Qd3 Bf4
23.Rb1 b6 24.Bb5 Bxb5 25.Qxb5 Nf8 26.a4 Ne6 27.a5 d3 28.Qc4 d2 29.Red1 Rd6
30.Nbxd2 Rad8 31.a6 Bxd2 32.a7 Ra8 33.Nxd2 Rxa7 34.Ne4 Rxd1+ 35.Rxd1 Qb2
36.g3 Ra1 37.Rxa1 Qxa1+ 38.Kg2 Qd4 39.Qxd4 Nxd4 40.Nc3 Kf8 41.Nd5 Ne6 42.Kf3 Ke8
43.Ke4 Kd7 44.Nc3 c6 45.h4 Kd6 46.Kd3 Nc7 47.Kc4 b5+ 48.Kd4 Na6 49.Ne4+ Ke6
50.Kc3 Kd5 51.f3 c5 52.bxc5 Nxc5 53.Nf2 Ne6 54.Nd3 g5 55.Nb4+ Kc5 56.Nd3+ Kd6
57.hxg5 hxg5 58.Nf2 f5 59.Nd3 Kd5 60.Nb4+ Kd6 61.Nc2 Kc5 62.Nb4 Nc7 63.Nd3+ Kd5
64.Nb4+ Kc5 65.Nd3+ Kd5 66.Nb4+ Kd6 67.Nd3 Nd5+ 68.Kd4 Ne7 69.Nf2 Nc6+ 70.Ke3 Kc5
71.Nh3 g4 72.fxg4 fxg4 73.Nf2 Ne5 74.Ke4 Kd6 75.Kd4 b4 76.Nxg4 Nxg4 77.Kc4 Ke5
78.Kxb4 Ke4 79.Ka3 Kf3 80.Ka2 Kxg3  1/2-1/2

[Event "chess.com Speed 2021"]
[Site "chess.com INT"]
[Date "2021.12.17"]
[Round "3.28"]
[White "Nakamura,Hi"]
[Black "Ding Liren"]
[Result "1-0"]
[WhiteElo "2736"]
[BlackElo "2799"]

1.e4 e5 2.Nf3 Nc6 3.Bb5 a6 4.Ba4 Nf6 5.O-O Be7 6.Re1 b5 7.Bb3 O-O 8.a4 b4
9.d4 d6 10.dxe5 Nxe5 11.Nbd2 Nfd7 12.Nd4 Bb7 13.Bd5 Bxd5 14.exd5 Re8 15.f4 Ng6
16.Nc6 Qc8 17.Nf3 Bf6 18.Nxb4 Rxe1+ 19.Qxe1 Ne7 20.a5 Qb7 21.Qd2 Rb8 22.c3 Nc5
23.Qd1 Nf5 24.g4 Nh4 25.g5 Nxf3+ 26.Qxf3 Nb3 27.Rb1 Bd4+ 28.Kg2 Bc5 29.Nd3 Re8
30.Nxc5 Nxc5 31.b4 Qb5 32.Be3 Qd3 33.Re1 Qxc3 34.Bf2 Qxf3+ 35.Kxf3 Rxe1 36.Bxe1 Nd7
37.Bf2 Kf8 38.b5  1-0

[Event "chess.com Speed 2021"]
[Site "chess.com INT"]
[Date "2021.12.17"]
[Round "3.19"]
[White "Nakamura,Hi"]
[Black "Ding Liren"]
[Result "1/2-1/2"]
[WhiteElo "2736"]
[BlackElo "2799"]

1.Nf3 d5 2.d4 Nf6 3.c4 e6 4.Nc3 Bb4 5.Qa4+ Nc6 6.e3 O-O 7.Qc2 Re8 8.Bd2 Bf8
9.a3 b6 10.cxd5 exd5 11.Bd3 Ne7 12.O-O Ng6 13.Nb5 c5 14.Rfe1 c4 15.Bf1 a6
16.Nc3 b5 17.Rad1 Bb7 18.g3 Bc6 19.Ne2 a5 20.Nf4 b4 21.Nxg6 hxg6 22.Ne5 Bb7
23.axb4 axb4 24.Bg2 Bc8 25.f3 Qb6 26.Kh1 Be6 27.Ra1 Bf5 28.Qc1 Nd7 29.Rxa8 Rxa8
30.e4 Nxe5 31.dxe5 dxe4 32.Qxc4 Rc8 33.Qf1 Rc2 34.Be3 Qc7 35.fxe4 Be6 36.Re2 b3
37.Qd1 Rxe2 38.Qxe2 Qxe5 39.Qd2 Be7 40.Bd4 Qc7 41.Qc3 Qd7 42.h4 Bf8 43.Kh2 Qb5
44.Qd2 Qc4 45.Bc3 Bc8 46.Qd8 Bb7 47.Qd4 Qe2 48.Qd2 Qc4 49.Qd4 Qe2 50.Qd2 Qxd2
51.Bxd2 Bd6 52.Bc3 f6 53.e5 Bxg2 54.exd6 Bc6 55.g4 Kf7 56.g5 Ke6 57.Kg3 Kxd6
58.gxf6 gxf6 59.Bxf6 Ke6 60.Bc3 Kf5 61.Bd2 Be4 62.Bc3 Bc2 63.Bd2 Bd1 64.Bc3 Bc2
65.Bd2 Bd1 66.Bc3 Bc2  1/2-1/2

[Event "chess.com Speed 2021"]
[Site "chess.com INT"]
[Date "2021.12.17"]
[Round "3.39"]
[White "Ding Liren"]
[Black "Nakamura,Hi"]
[Result "0-1"]
[WhiteElo "2799"]
[BlackElo "2736"]

1.d4 Nf6 2.c4 e6 3.Nf3 d5 4.Nc3 Be7 5.Bf4 O-O 6.e3 Nbd7 7.c5 c6 8.h3 b6 9.b4 a5
10.a3 h6 11.Bd3 Ba6 12.O-O Qc8 13.Qe2 Bxd3 14.Qxd3 Qb7 15.Rfc1 Rfc8 16.Qd1 Ra7
17.Rab1 axb4 18.axb4 Ra3 19.Ne1 Ne4 20.Nxe4 dxe4 21.Nc2 Raa8 22.Bg3 Nf6 23.Rb3 Nd5
24.Na3 b5 25.Nb1 Qd7 26.Nc3 Nxc3 27.Rbxc3 Ra4 28.Ra1 Rca8 29.Rxa4 Rxa4 30.Qb1 Qd5
31.Rb3 f6 32.Qc2 Kf7 33.Rb1 Ra2 34.Rb2 Ra1+ 35.Rb1 Qa2 36.Qxa2 Rxa2 37.Kf1 g5
38.Ke1 h5 39.h4 Kg6 40.Kd1 f5 41.hxg5 Bxg5 42.Ke1 Bf6 43.Kf1 h4 44.Bf4 Kh5
45.Kg1 Kg4 46.Kf1 Bg5 47.Be5 Kh5 48.Bd6 Bh6 49.Be5 Kg4 50.Bd6 h3 51.gxh3+ Kf3
52.Bg3 Bxe3 53.fxe3 Kxg3  0-1

[Event "chess.com Speed 2021"]
[Site "chess.com INT"]
[Date "2021.12.17"]
[Round "3.32"]
[White "Nakamura,Hi"]
[Black "Ding Liren"]
[Result "1-0"]
[WhiteElo "2736"]
[BlackElo "2799"]

1.b3 d5 2.Bb2 Bf5 3.Nf3 e6 4.g3 h6 5.Bg2 Nf6 6.d3 Be7 7.Nbd2 O-O 8.O-O Bh7
9.Ne5 c6 10.e4 Nbd7 11.Nxd7 Nxd7 12.Qe2 Bf6 13.e5 Be7 14.Rfd1 a5 15.a4 b5
16.Nf1 Qb6 17.Ne3 bxa4 18.Rxa4 Rfb8 19.Rda1 Nc5 20.R4a2 Qd8 21.Bc1 Nd7 22.Nd1 Bb4
23.f4 Qb6+ 24.Be3 Qd8 25.Bf2 Nf8 26.Nb2 Nd7 27.Na4 Qf8 28.Qe3 Qd8 29.h3 Bf8
30.Qe2 Be7 31.Kh2 Bf8 32.Rd1 Be7 33.Rc1 Bf8 34.Rca1 Be7 35.Be1 Bf8 36.Nb2 Bb4
37.Nd1 Bxe1 38.Qxe1 Rb5 39.Nc3 Rb6 40.Ne2 Rba6 41.b4 a4 42.Ra3 Qb6 43.c4 R6a7
44.c5 Qb7 45.Nd4 Rb8 46.Qc3 Rba8 47.Bf3 Nb8 48.Bd1 Na6 49.Rxa4 Nc7 50.Rxa7 Rxa7
51.Ba4 Ra6 52.Bc2 Qa7 53.Nxc6 Qa8 54.Rxa6 Qxa6 55.Nd4 Qa2 56.b5 Qa8 57.b6 Na6
58.c6 Qb8 59.c7  1-0

[Event "chess.com Speed 2021"]
[Site "chess.com INT"]
[Date "2021.12.17"]
[Round "3.35"]
[White "Ding Liren"]
[Black "Nakamura,Hi"]
[Result "0-1"]
[WhiteElo "2799"]
[BlackElo "2736"]

1.d4 e6 2.c4 b6 3.e4 Bb7 4.Bd3 Bb4+ 5.Kf1 Be7 6.Nf3 d6 7.Nc3 Nd7 8.g3 Ngf6
9.Kg2 e5 10.d5 O-O 11.Qe2 Nc5 12.Bc2 a5 13.Rb1 c6 14.Be3 cxd5 15.cxd5 Ba6
16.Qd2 Rc8 17.Rhc1 Ng4 18.Bxc5 bxc5 19.Bd3 Bb7 20.Bc4 Rb8 21.b3 Bc8 22.Qe2 f5
23.exf5 Bxf5 24.Bd3 Bd7 25.Ne4 Qe8 26.Nfd2 Nf6 27.Nxf6+ Rxf6 28.Ne4 Rh6 29.h4 Qf7
30.Rh1 Rf8 31.Rbf1 Kh8 32.Bc4 Qg6 33.h5 Qe8 34.Rh2 Qc8 35.f3 Bf5 36.Bd3 Qe8
37.g4 Bxe4 38.Bxe4 Bg5 39.Rhh1 Rhf6 40.Qd3 Rh6 41.Rf2 Bf4 42.Rc2 Qa8 43.Rc4 Rb8
44.Kf2 Rb4 45.Kg2 Rb6 46.Re1 g6 47.Rh1 gxh5 48.gxh5 Rb7 49.Kf1 Rf6 50.Rc2 a4
51.Ke2 axb3 52.axb3 Qg8 53.Kd1 Ra7 54.Rb2 Ra1+ 55.Rb1 Qg2 56.Rxa1 Qxh1+ 57.Ke2 Qxa1
58.Qb5 Qa8 59.Qd7 Rh6 60.Qe7 Qg8 61.Kd3 Bg5 62.Qd7 Rxh5 63.Kc4 Rh6 64.Kb5 Rf6
65.Kc6 Rf7 66.Qe6 Qa8+ 67.Kxd6 Qa6+ 68.Kxe5 Bf6+ 69.Kf5 Qxe6+ 70.Kxe6 Kg7
71.d6 Bd8 72.Bd5 Ra7 73.f4 h5 74.f5 h4 75.d7 h3 76.Be4 h2 77.Bd5 Ra6+ 78.Ke5 Bf6+
79.Kf4 Rd6 80.Be4 Rxd7  0-1

[Event "chess.com Speed 2021"]
[Site "chess.com INT"]
[Date "2021.12.17"]
[Round "3.33"]
[White "Ding Liren"]
[Black "Nakamura,Hi"]
[Result "1-0"]
[WhiteElo "2799"]
[BlackElo "2736"]

1.d4 g6 2.c4 Bg7 3.e4 d6 4.Nf3 Nd7 5.Be2 Ngf6 6.Nc3 O-O 7.O-O e5 8.Qc2 Re8
9.Be3 b6 10.Rfd1 Bb7 11.dxe5 dxe5 12.c5 c6 13.Nd2 b5 14.b4 a5 15.a3 a4 16.Nxb5 cxb5
17.Bxb5 Qc7 18.c6 Ba6 19.Bxa6 Rxa6 20.b5 Ra5 21.Rab1 Rb8 22.Nc4 Raxb5 23.Rxb5 Rxb5
24.cxd7 Nxd7 25.Qxa4 Rb7 26.Na5 Rb8 27.Nc6 Re8 28.h4 Nf6 29.Rc1 Qd7 30.Qc4 Qg4
31.a4 Qxh4 32.f3 Nh5 33.a5 Ng3 34.a6 Bh6 35.Bxh6 Qxh6 36.Kf2 Qh4 37.Ke3 Qf4+
38.Kd3 Qf6 39.a7 Qd6+ 40.Ke3 h5 41.Rb1 Qa3+ 42.Kf2 h4 43.Rb8 Rf8 44.Rxf8+ Kxf8
45.Qb4+  1-0

[Event "chess.com Speed 2021"]
[Site "chess.com INT"]
[Date "2021.12.19"]
[Round "4.15"]
[White "Nakamura,Hi"]
[Black "So,W"]
[Result "1/2-1/2"]
[WhiteElo "2736"]
[BlackElo "2772"]

1.e4 e5 2.Nf3 Nc6 3.Bb5 a6 4.Ba4 Nf6 5.O-O Be7 6.Re1 b5 7.Bb3 O-O 8.a4 b4
9.d4 d6 10.dxe5 Nxe5 11.Nxe5 dxe5 12.Qe2 Bc5 13.Be3 Bd4 14.Bxd4 Qxd4 15.c3 bxc3
16.Nxc3 Rb8 17.Ba2 Rb4 18.Rac1 Qb6 19.Rc2 Bd7 20.Ra1 a5 21.h3 Rb8 22.Bc4 h6
23.b3 Be6 24.Nd5 Bxd5 25.exd5 e4 26.Rd1 Rd8 27.Qe3 Qxe3 28.fxe3 Kf8 29.Kf2 Ne8
30.Bb5 Nd6 31.Rxc7 Rxb3 32.Ra7 Nxb5 33.axb5 Rxb5 34.d6 Rb6 35.Rxa5 Rbxd6
36.Rxd6 Rxd6 37.Re5 Re6 38.Ra5 g6 39.Ra8+ Kg7 40.Ra7 h5 41.h4 Rf6+ 42.Kg3 Re6
43.Kf4 Rb6 44.Re7 Rb4 45.Rxe4 Rxe4+ 46.Kxe4 Kf6 47.Kf4 Ke6 48.g4 hxg4 49.Kxg4 f6
50.h5 gxh5+ 51.Kxh5 Kf5 52.Kh6 Ke4 53.Kg6 Kxe3 54.Kxf6  1/2-1/2

[Event "chess.com Speed 2021"]
[Site "chess.com INT"]
[Date "2021.12.19"]
[Round "4.11"]
[White "Nakamura,Hi"]
[Black "So,W"]
[Result "1/2-1/2"]
[WhiteElo "2736"]
[BlackElo "2772"]

1.Nf3 c5 2.e4 d6 3.Bb5+ Bd7 4.Bxd7+ Qxd7 5.O-O Nf6 6.Re1 Nc6 7.c3 e6 8.d3 Be7
9.Nbd2 Rc8 10.Nf1 O-O 11.Ng3 b5 12.d4 cxd4 13.cxd4 d5 14.e5 Ne4 15.Nxe4 dxe4
16.Rxe4 Qd5 17.Rg4 Kh8 18.Bg5 Bxg5 19.Nxg5 h6 20.Nh3 Rcd8 21.Nf4 Qd7 22.Qd3 Nxe5
23.dxe5 Qxd3 24.Nxd3 Rxd3 25.a4  1/2-1/2

[Event "chess.com Speed 2021"]
[Site "chess.com INT"]
[Date "2021.12.19"]
[Round "4.28"]
[White "Nakamura,Hi"]
[Black "So,W"]
[Result "1-0"]
[WhiteElo "2736"]
[BlackElo "2772"]

1.e4 c5 2.Nf3 d6 3.Bb5+ Nd7 4.O-O a6 5.Bd3 Ngf6 6.c3 b5 7.Bc2 Bb7 8.Re1 e6
9.d4 Be7 10.Nbd2 Qc7 11.Bd3 O-O 12.Nf1 a5 13.Ng3 b4 14.Bf4 Rfc8 15.Qe2 h6
16.h3 Bf8 17.Rad1 a4 18.cxb4 cxb4 19.Bd2 Qb6 20.e5 Nd5 21.Qe4 N5f6 22.Qf4 dxe5
23.dxe5 Nc5 24.Bb1 Nfd7 25.Qg4 Bxf3 26.gxf3 b3 27.a3 f5 28.Qg6 Qc7 29.Bf4 Ra6
30.Nh5 Qd8 31.Nf6+  1-0

[Event "chess.com Speed 2021"]
[Site "chess.com INT"]
[Date "2021.12.19"]
[Round "4.12"]
[White "So,W"]
[Black "Nakamura,Hi"]
[Result "0-1"]
[WhiteElo "2772"]
[BlackElo "2736"]

1.e4 e5 2.Nf3 Nc6 3.Bb5 Nf6 4.d3 Bc5 5.c3 d5 6.exd5 Qxd5 7.Bc4 Qd6 8.Qe2 Be6
9.b4 Bb6 10.Ba3 e4 11.dxe4 Bxc4 12.Qxc4 O-O-O 13.O-O Ne5 14.Qe2 Nxf3+ 15.Qxf3 Qe5
16.Bc1 Nxe4 17.Be3 Rd3 18.Qe2 Nxf2  0-1